书目信息 |
| 题名: |
洁净煤技术
|
|
| 作者: | 郝临山 主编 | |
| 分册: | ||
| 出版信息: | 北京 化学工业出版社 2005.03 |
|
| 页数: | 245页 | |
| 开本: | 26cm | |
| 丛书名: | ||
| 单 册: | ||
| 中图分类: | TK227.1 , TQ53 | |
| 科图分类: | ||
| 主题词: | 煤--mei--燃烧--净化--技术--高等学校--教材 | |
| 电子资源: | ||
| ISBN: | 7-5025-5751-2 | |
| 000 | 01163nam0 2200253 450 | |
| 001 | 0169496208 | |
| 005 | 20101207084852.81 | |
| 010 | @a7-5025-5751-2@dCNY26.00 | |
| 100 | @a20060119d2005 km y0chiy0121 ea | |
| 101 | 0 | @achi |
| 102 | @aCN@b110000 | |
| 105 | @aa a 000yy | |
| 200 | 1 | @a洁净煤技术@Ajie jing mei ji shu@f郝临山主编@Fhao lin shan zhu bian |
| 210 | @a北京@c化学工业出版社@d2005.03 | |
| 215 | @a245页@c图@d26cm | |
| 320 | @a有书目。 | |
| 330 | @a本书结合我国主要产煤区产业结构调整和能源重化工基地发展循环经济型煤炭能源化工的实际,较系统地阐述了煤炭利用与环境问题,煤炭洁净加工转化的主要技术及方法,适当介绍了煤炭洁净利用的新技术。全书内容有中国能源构成与环境问题,提出大力发展洁净煤技术的紧迫性和必要性,系统阐述煤炭精加工技术,煤炭深加工转化技术,介绍煤炭洁净燃烧与烟道气净化技术,煤的非燃料加工利用,煤炭共伴生资源的综合利用与洁净开采新技术。各章引入了典型的煤炭洁净利用和加工转化的工程示例。 | |
| 333 | @a教育部高职高专规划教材 | |
| 606 | 0 | @a煤@Amei@x燃烧@x净化@x技术@x高等学校@x教材 |
| 690 | @aTK227.1@v4 | |
| 690 | @aTQ53@v4 | |
| 701 | 0 | @a郝临山@Ahao lin shan@4主编 |
| 801 | 0 | @aCN@bQSSK@c20101207 |
| 905 | @a10447@dTK227.1@eH141 | |
| 洁净煤技术/郝临山主编.-北京:化学工业出版社,2005.03 |
| 245页:图;26cm |
| 使用对象:教育部高职高专规划教材 |
| ISBN 7-5025-5751-2:CNY26.00 |
| 本书结合我国主要产煤区产业结构调整和能源重化工基地发展循环经济型煤炭能源化工的实际,较系统地阐述了煤炭利用与环境问题,煤炭洁净加工转化的主要技术及方法,适当介绍了煤炭洁净利用的新技术。全书内容有中国能源构成与环境问题,提出大力发展洁净煤技术的紧迫性和必要性,系统阐述煤炭精加工技术,煤炭深加工转化技术,介绍煤炭洁净燃烧与烟道气净化技术,煤的非燃料加工利用,煤炭共伴生资源的综合利用与洁净开采新技术。各章引入了典型的煤炭洁净利用和加工转化的工程示例。 |
| ● |
| 相关链接 |
|
|
|
正题名:洁净煤技术
索取号:TK227.1/H141
 
预约/预借
| 序号 | 登录号 | 条形码 | 馆藏地/架位号 | 状态 | 备注 |
| 1 | 552516 | 205525163 | 自科库501/501自科库 136排4列6层/ [索取号:TK227.1/H141] | 在馆 | |
| 2 | 552517 | 205525172 | 期刊室512/501自科库 136排4列6层/ [索取号:TK227.1/H141] | 在馆 | |
| 3 | 552518 | 205525181 | 自科库501/501自科库 136排4列6层/ [索取号:TK227.1/H141] | 在馆 | |
| 4 | 824944 | 208249448 | 材料与化工学院资料室/ [索取号:TK227.1/H141] | 在馆 |